000 00488cam a2200205ua 4500
020 _c95.00
041 _aeng
_h
082 _a620.0044
_bJAI/EN
100 _aJain, R K .
245 _aEngineering metrology /
_cR K Jain.
_hTextual Documents
250 _a16 /
_b.
260 _aDelhi :
_bKhanna publishers ,
_c1991.
300 _a1372 ; .
365 _a95.00
500 _a17934, 17935 CSS
504 _a
942 _cBK
999 _c10697
_d10697